000 00279nam a2200109Ia 4500
008 200302s9999 xx 000 0 und d
100 _aJingmin Zhou
245 _aUrban Housing Forms
260 _bArchitectural Press in an Imprint of Elsevier
260 _c2005
300 _a254 P.,
999 _c5786
_d5786